| 000 | 00764nam a2200217Ia 4500 | ||
|---|---|---|---|
| 001 | 4930 | ||
| 003 | GE_BSU | ||
| 008 | 181216s||||||||xx |||||||||||||| ||und|| | ||
| 040 | _cGE_BSU | ||
| 080 | _a621.391.01 | ||
| 100 | _aВозенкрафт,Дж. Джекобс,И. | ||
| 245 | _aТеоретические основы техники связи=Principles of communication engineering. | ||
| 245 | _cРед.Л.Якименко. | ||
| 250 | _aперевод с английского под ред.Р.П.Добрушина. | ||
| 260 | _aМ. | ||
| 260 | _bМир. | ||
| 260 | _c1969. | ||
| 300 | _a640стр.27см.с илл.библиогр.:стр.629-633. | ||
| 653 | _aТеоретические основы техники связи | ||
| 942 | _cBK | ||
| 999 |
_c38685 _d38685 |
||